000
00335nam a22001457a 4500
008
210304b ||||| |||| 00| 0 eng d
020
_a
9780470107485
041
_a
eng
080
_2
7th
_a
579
082
_a
579
100
_a
11
101
_a
MIK
245
_a
Microbiology Principles and Explorations
_c
Black, J.G
942
_2
udc
_c
BK
999
_c
55763
_d
55763